Представление документа в формате MARC21

Поле Инд. ПП Название Значение
Тип записи a
Библиографический уровень b
001 Контрольный номер RU/IS/BASE/257258309
005 Дата корректировки 20200601191511.8
008 Кодируемые данные 20080225
040 b Код языка каталог. rus
e Правила каталог. PSBO
041 0_ a Код языка текста rus
084 a Индекс другой классификации/Индекс ББК 83.014.44
100 1_ a Автор Старикова Н. Н.
245 10 a Заглавие Исторический роман. К типологии жанра
504 a Библиография Библиогр. - Примеч.: с. 47 - 48
650 04 a Основная рубрика литературоведение
a Основная рубрика теория литературы
a Основная рубрика филологические науки
653 1_ a Ключевые слова историко-биографический роман
a Ключевые слова историко-социальный роман
a Ключевые слова историко-философский роман
a Ключевые слова историческая проза
a Ключевые слова исторический роман
a Ключевые слова проза
a Ключевые слова романы
a Ключевые слова типология исторического романа
773 0_ t Заглавие источника Вестник Московского университета. Серия 9, Филология
d Дата издания источника 2007
g Прочая информация № 2. - С. 39 - 48
w Контрольный № источника RU/IS/BASE/236181942
901 t Тип документа b